000 00276nam a22001217a 4500
008 170710b xxu||||| |||| 00| 0 eng d
041 _aeng
080 _a82
100 _a22
101 _aGJL
245 _aGREAT BOOKS OF THE WESTERN WORLD
_cNEWTON, HUYGENS
942 _2udc
_cBK
999 _c20102
_d20102